Super Mario 64 Power Stars: Whomp’s Fortress - Statistics

General Stats
  • This quiz has been taken 72 times
  • The average score is 6 of 7
Answers on the Map
Answers color-coded by a green-red scale on the quiz's map according to % correct below.
 
Answer Stats
Star Name % Correct
Blast Away the {Wall}
91%
{Shoot} into the Wild Blue
91%
To the Top of the {Fortress}
91%
{Red} {Coins} on the Floating Isle
89%
Chip off Whomp’s {Block}
81%
Fall onto the {Caged} Island
76%
{Switch} Star of the Fortress
50%
No matching quizzes found
Score Distribution
Percent of People with Each Score
Percentile by Number Answered
Your Score History
You have not taken this quiz